000 00374nam a2200145Ia 4500
008 210210b1962 xxu||||| |||| 00| 0 eng d
082 _a001.4 BARM
100 _aBARZUN (Jacques) and GRAFF (Henry F).
245 _aModern researcher.
260 _aNY
_bHarcourt, Brace & World
_c1962
300 _axiii, 386
650 _aResearch
690 _aResearch
906 _a040775
999 _c90678
_d90678